ბათუმის შოთა რუსთაველის სახელმწიფო უნივერსიტეტის ბიბლიოთეკა

ზღვა–სიხარული.(ნარკვევების კრებული) (ბიბ.ჩანაწერი № 43036)

000 -LEADER
fixed length control field 00669nam a2200205Ia 4500
001 - CONTROL NUMBER
control field 9756
003 - CONTROL NUMBER IDENTIFIER
control field GE_BSU
008 - FIXED-LENGTH DATA ELEMENTS--GENERAL INFORMATION
fixed length control field 181216s||||||||xx |||||||||||||| ||und||
040 ## - CATALOGING SOURCE
Transcribing agency GE_BSU
080 ## - UNIVERSAL DECIMAL CLASSIFICATION NUMBER
Universal Decimal Classification number 821.353.1–4
100 ## - MAIN ENTRY--PERSONAL NAME
Personal name ნიშნიანიძე,გაიოზ
245 ## - TITLE STATEMENT
Title ზღვა–სიხარული.(ნარკვევების კრებული)
245 ## - TITLE STATEMENT
Statement of responsibility, etc. რედ.კ.ლოლაძე.
260 ## - PUBLICATION, DISTRIBUTION, ETC.
Place of publication, distribution, etc. თბილისი
260 ## - PUBLICATION, DISTRIBUTION, ETC.
Name of publisher, distributor, etc. საქ.კპ.ცკ–ის გამ–ბა
260 ## - PUBLICATION, DISTRIBUTION, ETC.
Date of publication, distribution, etc. 1960
300 ## - PHYSICAL DESCRIPTION
Extent 143გვ.ილ.20სმ.
653 ## - INDEX TERM--UNCONTROLLED
Uncontrolled term ზღვა–სიხარული
942 ## - ADDED ENTRY ELEMENTS (KOHA)
Koha item type წიგნი
ეგზემპლარები
Withdrawn status Lost status Damaged status Not for loan Date acquired Barcode Date last seen Price effective from Koha item type
        2018-12-17 32961 2018-12-17 2018-12-17 წიგნი